000 01118nam a2200241Ia 4500
999 _c52525
_d52525
001 19549
003 GE_BSU
005 20200302214726.0
008 181216s1963||||ge |||||||||||||| ||geo||
040 _cGE_BSU
041 _ageo
080 _a811.353.1 ჟ-99
100 _aჟღენტი , სერგი
_97678
245 _aქართული ენის რიტმიკულ - მელოდიკური სტრუქტურა = Ритмико - мелодическая структура грузинского языка /
_cსერგი ჟღენტი ; რედ. გ. ახვლედიანი.
264 _aთბილისი :
_bცოდნა,
_c1963.
300 _a193 გვ. :
_bნახ. ;
_c20 სმ.
520 _aრეზიუმე რუსულ და ინგლისურ ენებზე
541 _h82თ.
653 _aქართული ენა
653 _aმელოდიკური სტრუქტურა
700 _aახვლედიანი, გ.
_eრედაქტორი
_92910
942 _cBK
_2udc